000 00636nam a2200217 i 4500
001 89275
003 ES-MaACL
005 20250829112157.0
007 t|
008 050105s1971 sp ||||1| spa d
100 1 _aLaroque, Pierre.
_970281
245 1 4 _aLas clases sociales /
_cpor Pierre Laroque ; [traducción de J. Vilaseca].
250 _a[1ª ed.].
260 _aBarcelona, etc. :
_bOikos-Tau,
_c[1971]
300 _a127 p. ;
_c18 cm.
490 1 _a¿Qué sé? ;
_v42
700 1 _aVilaseca, J.
_9114834
830 0 _a¿Qué sé?
_v42
_9181382
852 _aES-MaACL
_jC-44430
_bR.78262
999 _c89275
_d89275